000 00462nam a2200169 4500
003 SEACOMMC
005 20250506154255.0
008 250319b |||||||| |||| 00| 0 eng d
020 _a978-81-8281-113-3
_cRs.200.00
040 _aSEACOMMC
082 _a 657.42
_bP 266
100 _a Pasha, Mohammed Arif.
245 1 _aManagement Accounting /
_c Mohammed Arif Pasha
260 _a Delhi
_b Vrinda Publications
_c 20108
650 _a Management
942 _cBOOK
999 _c1134
_d1134